00808nam a2200145 a 450000100100000000500170001000800410002704000250006808200160009310000290010924501290013826000700026730000340033750002910037100002814920200930031406.0110407s1981 dr ac r 000 0 spa d aDO-SdBNPbspacBNPHU axxxxbF633i1 aFlorentino R., José E.10aIncidencia de la Corporación Dominicana de Electricidad en el desarrollo económico del país /cJosé E. Florentino R. aSanto Domingo :bCorporación Dominicana de Electricidad,c1981. a17 p. :bil., retr. ;c21 cm. aDiscurso pronunciado por el Lic. José E. Florentino R., Administrador General de la Corporación Dominicana de Electricidad, durante el almuerzo de la Cámara de Comercio, Agricultura e Industria del Distrito Nacional, inc., celebrado en el Hotel Lina, el día 12 de marzo de 1981.